00338nam a22001457a 450000500170000001000130001702000280003003500130005803700090007108200080008010000200008824500410010826000230014930000200017220241219111902.0 aB-761525 a9789357311694c1199.00  aB-761525 bGift a820 aKailasapathy, K aTamil Heroic Poetry/cK Kailasapathy bHachettec2023aUK a406p.c20cm(pb)